[Event "SVK-chT2C 2223"]
[Site "Slovakia"]
[Date "2023.03.26"]
[Round "11.6"]
[White "Balint, Vladimir"]
[Black "Gregor, Eduard"]
[Result "1-0"]
[WhiteElo "1923"]
[BlackElo "1893"]
[PlyCount "79"]
[EventDate "2022.10.08"]
[EventType "team-tourn"]
[EventRounds "11"]
[EventCountry "SVK"]
[SourceTitle "EXT 2024"]
[Source "ChessBase"]
[SourceDate "2023.10.10"]
[SourceVersion "1"]
[SourceVersionDate "2023.10.10"]
[SourceQuality "1"]
[WhiteTeam "Martin Medea"]
[BlackTeam "Banska Bystrica Kurta"]
[WhiteTeamCountry "SVK"]
[BlackTeamCountry "SVK"]

1. e4 c5 2. Nc3 Nc6 3. f4 d6 4. Bb5 Bd7 5. a4 e6 6. Nf3 Nf6 7. d3 Be7 8. 0-0 Qc7 9. Kh1 Na5 10. e5 Nd5 11. Nxd5 exd5 12. exd6 Qxd6 13. Ne5 Nc6 14. d4 0-0 15. dxc5 Qc7 16. Nxd7 Qxd7 17. b4 Bf6 18. Rb1 a6 19. Bd3 a5 20. b5 Nb4 21. Ba3 Bc3 22. Qh5 g6 23. Qf3 f5 24. Bxf5 Rxf5 25. Qxc3 d4 26. Qc4+ Qd5 27. Qxd5+ Rxd5 28. Bxb4 axb4 29. Rxb4 Rc8 30. h3 Rcxc5 31. Rd1 Rxc2 32. Rbxd4 Rdc5 33. Rd7 b6 34. Rb7 Rc1 35. Rxc1 Rxc1+ 36. Kh2 Rc4 37. Rxb6 Rxa4 38. Kg3 Kg7 39. Rb7+ Kh6 40. Kg4 1-0

[Event "SVK-chT2C 2223"]
[Site "Slovakia"]
[Date "2022.10.08"]
[Round "1.5"]
[White "Gregor, Eduard"]
[Black "Macko, Michal"]
[Result "1/2-1/2"]
[WhiteElo "1893"]
[BlackElo "2141"]
[PlyCount "111"]
[EventDate "2022.10.08"]
[EventType "team-tourn"]
[EventRounds "11"]
[EventCountry "SVK"]
[SourceTitle "CBM 210 Extra"]
[Source "ChessBase"]
[SourceDate "2022.11.30"]
[SourceVersion "1"]
[SourceVersionDate "2022.11.30"]
[SourceQuality "1"]
[WhiteTeam "Banska Bystrica Kurta"]
[BlackTeam "Liptov Chess School III"]
[WhiteTeamCountry "SVK"]
[BlackTeamCountry "SVK"]

1. Nf3 Nf6 2. d4 e6 3. c4 d5 4. Nc3 dxc4 5. e3 a6 6. Bxc4 b5 7. Bd3 Bb7 8. a3 c5 9. dxc5 Bxc5 10. 0-0 0-0 11. b4 Be7 12. Bb2 Nbd7 13. Be2 Rc8 14. Qb3 Qb6 15. Rac1 Bxf3 16. Bxf3 Ne5 17. Be2 Nc4 18. Bxc4 Rxc4 19. Nb1 Rfc8 20. Nd2 Rxc1 21. Rxc1 Rxc1+ 22. Bxc1 Qc6 23. Bb2 Nd5 24. h3 h6 25. Qd3 Nb6 26. Qc3 Qxc3 27. Bxc3 Bd8 28. Kf1 Nd5 29. Bb2 Kf8 30. Ke2 h5 31. Nb3 Nb6 32. Nc5 Nc4 33. Bc1 a5 34. bxa5 Bxa5 35. Kd3 Ne5+ 36. Ke4 Bc3 37. Kf4 Ke7 38. Kg3 Nc4 39. Nb3 Be5+ 40. f4 Bd6 41. Kf3 Bxa3 42. Bd2 Kd6 43. Bc3 g6 44. Ke4 Bc5 45. Bd4 Bxd4 46. Kxd4 e5+ 47. fxe5+ Nxe5 48. Ke4 f5+ 49. Kf4 Kd5 50. Nd2 b4 51. e4+ fxe4 52. Nxe4 b3 53. g4 hxg4 54. hxg4 Nxg4 55. Nd2 b2 56. Kxg4 1/2-1/2

[Event "SVK-chT2C 2122"]
[Site "Slovakia"]
[Date "2022.03.27"]
[Round "9.6"]
[White "Veselovsky, Roman"]
[Black "Gregor, Eduard"]
[Result "1/2-1/2"]
[WhiteElo "1974"]
[BlackElo "1903"]
[PlyCount "75"]
[EventDate "2021.10.16"]
[EventType "team-tourn"]
[EventRounds "11"]
[EventCountry "SVK"]
[SourceTitle "EXT 2023"]
[Source "ChessBase"]
[SourceDate "2022.10.05"]
[SourceVersion "1"]
[SourceVersionDate "2022.10.05"]
[SourceQuality "1"]
[WhiteTeam "Zilina Mladost II"]
[BlackTeam "Banska Bystrica Kurta"]
[WhiteTeamCountry "SVK"]
[BlackTeamCountry "SVK"]

1. e4 c5 2. c3 Nf6 3. e5 Nd5 4. Nf3 e6 5. d4 cxd4 6. cxd4 d6 7. Nc3 dxe5 8. dxe5 Bb4 9. Bd2 Nc6 10. Nxd5 Qxd5 11. Bxb4 Qe4+ 12. Be2 Qxb4+ 13. Qd2 0-0 14. Rd1 Rd8 15. Qxb4 Rxd1+ 16. Kxd1 Nxb4 17. a3 Nc6 18. Bb5 Bd7 19. Bd3 h6 20. Ke2 Kf8 21. Ke3 Ke7 22. Rc1 Rc8 23. Rc3 Kd8 24. Be4 Na5 25. Kd4 Bc6 26. Bxc6 Nxc6+ 27. Ke4 Na5 28. Rd3+ Ke7 29. Nd4 a6 30. b3 Rc1 31. f4 Nc6 32. Nxc6+ Rxc6 33. g4 f6 34. Rg3 Rc1 35. Rd3 fxe5 36. fxe5 Re1+ 37. Kd4 Rf1 38. Ke4 1/2-1/2

[Event "SVK-chT2C 2122"]
[Site "Slovakia"]
[Date "2022.02.05"]
[Round "3.4"]
[White "Gregor, Eduard"]
[Black "Dlabik, Jozef"]
[Result "1/2-1/2"]
[WhiteElo "1903"]
[BlackElo "1924"]
[PlyCount "106"]
[EventDate "2021.10.16"]
[EventType "team-tourn"]
[EventRounds "11"]
[EventCountry "SVK"]
[SourceTitle "EXT 2023"]
[Source "ChessBase"]
[SourceDate "2022.10.05"]
[SourceVersion "1"]
[SourceVersionDate "2022.10.05"]
[SourceQuality "1"]
[WhiteTeam "Banska Bystrica Kurta"]
[BlackTeam "Dunajov III"]
[WhiteTeamCountry "SVK"]
[BlackTeamCountry "SVK"]

1. Nf3 d5 2. d4 Nf6 3. c4 e6 4. Nc3 Be7 5. Bg5 Nbd7 6. e3 c6 7. Rc1 0-0 8. Bd3 dxc4 9. Bxc4 Nd5 10. Bxe7 Qxe7 11. 0-0 Nxc3 12. Rxc3 e5 13. dxe5 Nxe5 14. Nxe5 Qxe5 15. Qb3 b5 16. Be2 Be6 17. Qc2 Bd5 18. Bd3 f5 19. Be2 Rf6 20. f4 Qe4 21. Qxe4 Bxe4 22. Rd1 Rg6 23. g3 Bd5 24. a3 a5 25. Kf2 b4 26. Rc5 bxa3 27. bxa3 Rb8 28. Rd2 Re6 29. Rc3 Kf7 30. Bf3 Bxf3 31. Kxf3 Ke7 32. h4 g6 33. h5 gxh5 34. Rh2 Rh6 35. Rc5 Rb5 36. Rc3 Kd6 37. e4 fxe4+ 38. Kxe4 Re6+ 39. Kf3 a4 40. Rd2+ Kc7 41. Rd4 Rb1 42. Rxa4 Rf1+ 43. Kg2 Ree1 44. Rc2 Kd6 45. Rd4+ Ke7 46. Re4+ Rxe4 47. Kxf1 Kd6 48. Kf2 Ra4 49. Rc3 h4 50. f5 hxg3+ 51. Kxg3 Ke5 52. Rc5+ Kf6 53. Rxc6+ Kxf5 1/2-1/2

[Event "SVK-chT2C 1819"]
[Site "Slovakia"]
[Date "2018.11.17"]
[Round "3.4"]
[White "Szamos, Alexander"]
[Black "Gregor, Eduard"]
[Result "1-0"]
[WhiteElo "2136"]
[BlackElo "2002"]
[PlyCount "73"]
[EventDate "2018.10.13"]
[EventType "team-tourn"]
[EventRounds "11"]
[EventCountry "SVK"]
[SourceTitle "CBM 187 Extra"]
[Source "ChessBase"]
[SourceDate "2018.11.04"]
[SourceVersion "1"]
[SourceVersionDate "2018.11.04"]
[SourceQuality "1"]
[WhiteTeam "Filakovo"]
[BlackTeam "Banska Bystrica Kurta"]
[WhiteTeamCountry "SVK"]
[BlackTeamCountry "SVK"]

1. Nf3 Nf6 2. c4 e6 3. Nc3 d5 4. d4 Be7 5. Bg5 h6 6. Bh4 0-0 7. e3 dxc4 8. Bxc4 c5 9. 0-0 Nc6 10. Rc1 cxd4 11. exd4 Nd5 12. Bxd5 exd5 13. Bxe7 Nxe7 14. Qb3 b6 15. Rfe1 Bb7 16. Nb5 Nc6 17. Ne5 Re8 18. Qg3 Re6 19. Re3 a6 20. Nxf7 Rxe3 21. fxe3 Kxf7 22. Nd6+ Kg8 23. Nxb7 Qd7 24. Qd6 Qxd6 25. Nxd6 Nb4 26. Nf5 Rf8 27. Ne7+ Kf7 28. Rc7 Ke6 29. Ng6 Rf7 30. Nf4+ Kf6 31. Rxf7+ Kxf7 32. a3 Nc2 33. Kf2 b5 34. Nxd5 a5 35. Ke2 b4 36. axb4 axb4 37. Kd2 1-0

[Event "SVK-chT2C 1819"]
[Site "Slovakia"]
[Date "2018.10.14"]
[Round "2.3"]
[White "Gregor, Eduard"]
[Black "Gombocz, Ferenc Jr"]
[Result "0-1"]
[WhiteElo "1993"]
[BlackElo "2271"]
[PlyCount "48"]
[EventDate "2018.10.13"]
[EventType "team-tourn"]
[EventRounds "11"]
[EventCountry "SVK"]
[SourceTitle "CBM 187 Extra"]
[Source "ChessBase"]
[SourceDate "2018.11.04"]
[SourceVersion "1"]
[SourceVersionDate "2018.11.04"]
[SourceQuality "1"]
[WhiteTeam "Banska Bystrica Kurta"]
[BlackTeam "Vinica"]
[WhiteTeamCountry "SVK"]
[BlackTeamCountry "SVK"]

1. Nf3 d5 2. d4 Nf6 3. c4 c6 4. e3 Bf5 5. Nc3 a6 6. Bd3 Bg6 7. 0-0 e6 8. b3 Nbd7 9. Bb2 Bd6 10. Qe2 Ne4 11. Nd2 f5 12. f3 Bh5 13. Qe1 Nxd2 14. Qxd2 0-0 15. e4 fxe4 16. fxe4 Qh4 17. g3 Bxg3 18. Qg2 Bf4 19. Rae1 Bg4 20. Qf2 Qg5 21. Kh1 Bd2 22. Qg3 Bxe1 23. Rxe1 Rf3 24. Bc1 Rxg3 0-1

[Event "SVK-chT2C 1718"]
[Site "Slovakia"]
[Date "2018.01.14"]
[Round "6.3"]
[White "Valuska, Jan"]
[Black "Gregor, Eduard"]
[Result "0-1"]
[WhiteElo "2037"]
[BlackElo "2004"]
[PlyCount "57"]
[EventDate "2017.10.28"]
[EventType "team-tourn"]
[EventRounds "11"]
[EventCountry "SVK"]
[SourceTitle "EXT 2019"]
[Source "ChessBase"]
[SourceDate "2018.10.10"]
[SourceVersion "1"]
[SourceVersionDate "2018.10.10"]
[SourceQuality "1"]
[WhiteTeam "Zvolen Slavia"]
[BlackTeam "Banska Bystrica Kurta"]
[WhiteTeamCountry "SVK"]
[BlackTeamCountry "SVK"]

1. f4 d5 2. Nf3 c5 3. e3 g6 4. Ne5 Bg7 5. Nc3 e6 6. d4 cxd4 7. exd4 Ne7 8. Bb5+ Nbc6 9. Be3 Qb6 10. Rb1 a6 11. Bxc6+ Nxc6 12. Na4 Qc7 13. c3 b6 14. Rc1 Rb8 15. c4 Nxe5 16. dxe5 dxc4 17. b3 b5 18. Nc5 Bb7 19. 0-0 Qc6 20. Rf2 Rd8 21. Qf1 0-0 22. bxc4 b4 23. Nb3 f6 24. Bc5 Rf7 25. Bd6 fxe5 26. fxe5 Rxf2 27. Qxf2 Bh6 28. Rf1 Be3 29. c5 0-1

[Event "SVK-ch rapid"]
[Site "Banska Bystrica"]
[Date "2017.09.24"]
[Round "9"]
[White "Gregor, Eduard"]
[Black "Petran, Peter"]
[Result "0-1"]
[WhiteElo "2022"]
[BlackElo "2239"]
[PlyCount "155"]
[EventDate "2017.09.22"]
[EventType "swiss (rapid)"]
[EventRounds "9"]
[EventCountry "SVK"]
[SourceTitle "EXT 2018"]
[Source "ChessBase"]
[SourceDate "2017.10.13"]
[SourceVersion "1"]
[SourceVersionDate "2017.10.13"]
[SourceQuality "1"]

1. Nf3 g6 2. d4 Bg7 3. c4 c5 4. Nc3 cxd4 5. Nxd4 Nc6 6. e3 Nf6 7. Be2 0-0 8. 0-0 d6 9. b3 Bd7 10. Bb2 Qa5 11. Qd2 Rfc8 12. Rfd1 a6 13. Bf3 Rab8 14. Nd5 Qxd2 15. Rxd2 Nxd5 16. Bxd5 Ne5 17. Nf3 Nxf3+ 18. Bxf3 Bxb2 19. Rxb2 b5 20. cxb5 axb5 21. Rd2 b4 22. Kf1 Rc3 23. Ke1 Be6 24. h4 Rc5 25. g3 Rb6 26. Rb1 f6 27. Kd1 Ra5 28. Rbb2 Kf7 29. Be2 Rb7 30. Rd4 Rba7 31. Rdd2 f5 32. Kc1 h6 33. Kb1 Kf6 34. Rd4 Rb7 35. Rc2 Bf7 36. Bc4 d5 37. Be2 Rb6 38. Rc7 g5 39. hxg5+ hxg5 40. Bf3 e6 41. Rd2 Bg6 42. Kb2 Ra3 43. Be2 g4 44. Bd3 Be8 45. Bb1 Ra8 46. Rd1 Bb5 47. Rh1 Ke5 48. Rh6 Rf8 49. Re7 Be2 50. Rhh7 Bf3 51. Bd3 Be4 52. Be2 Rc8 53. Rc7 Rc6 54. Rxc6 Rxc6 55. Bd1 Rb6 56. Rc7 Rb8 57. Rh7 Bd3 58. Re7 Bf1 59. Rc7 Ke4 60. Rc2 e5 61. Rd2 d4 62. exd4 exd4 63. Bc2+ d3 64. Bd1 Bg2 65. a3 bxa3+ 66. Kxa3 Kd4 67. Kb2 Be4 68. Bc2 Rd8 69. Bb1 Rc8 70. Ba2 Rc2+ 71. Rxc2 dxc2 72. b4 Kd3 73. Kc1 Ke2 74. b5 Kxf2 75. Be6 Kxg3 76. b6 Kf4 77. Bc4 g3 78. Bd3 0-1

[Event "SVK-ch rapid"]
[Site "Banska Bystrica"]
[Date "2017.09.23"]
[Round "6"]
[White "Majer, Milan"]
[Black "Gregor, Eduard"]
[Result "0-1"]
[WhiteElo "1850"]
[BlackElo "2022"]
[PlyCount "156"]
[EventDate "2017.09.22"]
[EventType "swiss (rapid)"]
[EventRounds "9"]
[EventCountry "SVK"]
[SourceTitle "EXT 2018"]
[Source "ChessBase"]
[SourceDate "2017.10.13"]
[SourceVersion "1"]
[SourceVersionDate "2017.10.13"]
[SourceQuality "1"]

1. d4 Nf6 2. c4 e6 3. Nc3 Bb4 4. Qc2 c5 5. e3 Nc6 6. Nf3 0-0 7. a3 cxd4 8. exd4 Bxc3+ 9. Qxc3 Ne4 10. Qc2 d5 11. Bd3 Qa5+ 12. Bd2 Nxd2 13. Qxd2 Qxd2+ 14. Kxd2 Na5 15. Kc3 dxc4 16. Bxc4 Bd7 17. Ne5 Rfc8 18. Kb4 Nxc4 19. Nxc4 Bc6 20. Ne3 Rd8 21. Rhd1 Rd7 22. Rd2 Rc8 23. a4 f6 24. a5 a6 25. Rc1 Rcd8 26. Rcd1 Kf7 27. f4 h6 28. g3 Bf3 29. Rf1 Bc6 30. Rfd1 Bd5 31. Rc1 Be4 32. Rc4 Bc6 33. Kc3 Bb5 34. Rc5 Bc6 35. b4 Bb5 36. d5 exd5 37. Rdxd5 Bc6 38. Rxd7+ Rxd7 39. Nf5 Ke6 40. Nd4+ Kd6 41. g4 g6 42. h4 Re7 43. h5 Be4 44. hxg6 Bxg6 45. Nf5+ Bxf5 46. Rxf5 Ke6 47. Kd4 Rc7 48. Rh5 Rh7 49. Kc5 Rg7 50. Rh4 Rh7 51. g5 fxg5 52. fxg5 h5 53. Kb6 Kf5 54. g6 Kxg6 55. b5 axb5 56. Kxb5 Kg5 57. Rh1 h4 58. Kc4 Kf4 59. Kc5 h3 60. Kb6 Kg3 61. Rg1+ Kf2 62. Rb1 h2 63. Rb2+ Kg1 64. Rb1+ Kg2 65. Rb2+ Kg3 66. Rb1 Kf4 67. Rh1 Kg3 68. Rb1 Kg2 69. Rb2+ Kg3 70. Rb1 Rh5 71. Rb3+ Kf4 72. Rb4+ Ke3 73. Rb1 Kd4 74. Rd1+ Ke5 75. Rh1 Kd6 76. Kxb7 Rb5+ 77. Ka6 Rb2 78. Ka7 Rc2 0-1

[Event "SVK-chT2C 1617"]
[Site "Slovakia"]
[Date "2016.10.08"]
[Round "1.4"]
[White "Gregor, Eduard"]
[Black "Saga, Vladimir"]
[Result "1/2-1/2"]
[WhiteElo "2020"]
[BlackElo "1970"]
[PlyCount "118"]
[EventDate "2016.10.08"]
[EventType "team-tourn"]
[EventRounds "11"]
[EventCountry "SVK"]
[SourceTitle "CBM 175 Extra"]
[Source "ChessBase"]
[SourceDate "2016.12.12"]
[SourceVersion "1"]
[SourceVersionDate "2016.12.12"]
[SourceQuality "1"]
[WhiteTeam "Banska Bystrica Kurta"]
[BlackTeam "Dunajov Inbest II"]
[WhiteTeamCountry "SVK"]
[BlackTeamCountry "SVK"]

1. d4 d5 2. Nf3 c6 3. c4 Bf5 4. Nc3 e6 5. e3 Nf6 6. Nh4 Bg6 7. Nxg6 hxg6 8. Be2 Nbd7 9. cxd5 exd5 10. Bf3 Bb4 11. Qb3 Qb6 12. 0-0 Bd6 13. g3 Qxb3 14. axb3 0-0 15. Bd2 Rfe8 16. Rfc1 a6 17. Bg2 Ne4 18. Be1 f5 19. h4 Kf7 20. Na4 Rac8 21. Rc2 Kf6 22. Rac1 g5 23. Nc5 Bxc5 24. hxg5+ Nxg5 25. dxc5 Kg6 26. Rd1 Ne4 27. b4 Re7 28. Bc3 Nxc3 29. bxc3 Ne5 30. Bf1 Rh8 31. c4 d4 32. Be2 dxe3 33. Rd6+ Kf7 34. fxe3 Nd7 35. Bd3 g6 36. e4 Ne5 37. exf5 Nxd3 38. fxg6+ Kg7 39. Rxd3 Kxg6 40. Rf2 Re1+ 41. Kg2 Rh7 42. b5 axb5 43. cxb5 cxb5 44. Rb3 Rc1 45. Rxb5 Rc7 46. Rfb2 R1xc5 47. Rxb7 Rc2+ 48. Rxc2 Rxc2+ 49. Kh3 Rc8 50. Rb4 Kg5 51. Rb5+ Kh6 52. Kg4 Rc4+ 53. Kf5 Rc7 54. Rb6+ Kg7 55. Rb5 Rf7+ 56. Kg5 Ra7 57. g4 Rc7 58. Kh5 Ra7 59. g5 Rc7 1/2-1/2

[Event "SVK-chT2C 1516"]
[Site "Slovakia"]
[Date "2015.12.06"]
[Round "6.5"]
[White "Gregor, Eduard"]
[Black "Kral, Peter"]
[Result "1/2-1/2"]
[WhiteElo "2009"]
[BlackElo "2082"]
[PlyCount "84"]
[EventDate "2015.10.17"]
[EventType "team-tourn"]
[EventRounds "11"]
[EventCountry "SVK"]
[SourceTitle "CBM 169 Extra"]
[Source "ChessBase"]
[SourceDate "2015.12.18"]
[SourceVersion "1"]
[SourceVersionDate "2015.12.18"]
[SourceQuality "1"]
[WhiteTeam "Banska Bystrica Kurta"]
[BlackTeam "Filakovo"]
[WhiteTeamCountry "SVK"]
[BlackTeamCountry "SVK"]

1. d4 Nf6 2. c4 e6 3. Nc3 d5 4. Bg5 Be7 5. e3 b6 6. Nf3 Bb7 7. cxd5 Nxd5 8. Bxe7 Qxe7 9. Qa4+ c6 10. Be2 0-0 11. 0-0 Nd7 12. Rfd1 a6 13. Rac1 Rfc8 14. Nxd5 exd5 15. b4 b5 16. Qb3 a5 17. a3 axb4 18. axb4 Ra4 19. Rb1 Rca8 20. Rb2 Nb6 21. Qc3 Ra1 22. Qe1 R1a3 23. Rc1 f6 24. Bd1 Nc4 25. Rbb1 Bc8 26. Bc2 Bg4 27. Nd2 Bh5 28. Nb3 Bg6 29. Bxg6 hxg6 30. h3 Qe4 31. Nc5 Qh4 32. Ra1 Ra2 33. Rxa2 Rxa2 34. Ra1 Rc2 35. Ne6 Qe4 36. Nc5 Qf5 37. Qf1 g5 38. Qe1 Kh7 39. Rd1 Nd6 40. Rd2 Rc4 41. Rb2 Kg6 42. Qd1 Kh6 1/2-1/2